La lozana andaluza

Saved in:
Bibliographic Details
Main Author: Delicado, Francisco
Format: Book
Language:Undetermined
Published: Madrid, España Castalia 1984
Subjects:
Tags: Add Tag
No Tags, Be the first to tag this record!

MARC

LEADER 00000nam a2200000Ia 4500
008 170316s9999 xx 000 0 und d
040 |a cru BVZT 
090 |a 862 D-3L 
100 |a Delicado, Francisco 
245 |a La lozana andaluza 
260 |a Madrid, España 
260 |b Castalia 
260 |c 1984 
300 |a 287 páginas 
650 |a LITERATURA ESPAÑOLA 
999 |c 9798  |d 9798 
942 |c 15 D  |h 862 D-3L  |2 z